Doppelgemeindenamen in Österreich - Zweiter Ort - Statistiken

Allgemein
  • Dieses Quiz wurde 43 mal gespielt
  • Das Durchschnittsergebnis liegt bei 8 aus 20
Antwortstatistiken
Bundesland Erster Ort Zweiter Ort % Korrekt
Salzburg Saalbach Hinterglemm
84%
Oberösterreich Attnang Puchheim
81%
Oberösterreich Stadl Paura
57%
Salzburg Wals Siezenheim
57%
Niederösterreich St. Andrä Wördern
57%
Steiermark Seiersberg Pirka
46%
Oberösterreich Aigen Schlägl
46%
Kärnten Kötschach Mauthen
43%
Kärnten Hermagor Pressegger See
43%
Oberösterreich Rohrbach Berg
41%
Steiermark Gratwein Straßengel
41%
Burgenland Burgauberg Neudauberg
30%
Tirol Nußdorf Debant
24%
Niederösterreich Wöllersdorf Steinabrückl
24%
Niederösterreich Hadersdorf Kammern
16%
Steiermark Fernitz Mellach
16%
Steiermark Stadl Predlitz
16%
Niederösterreich Matzen Raggendorf
16%
Steiermark Raaba Grambach
14%
Steiermark St. Andrä Höch
14%
Keine übereinstimmenden Quizze gefunden
Verteilung der Resultate
Anzahl Personen mit jedem Resultat
Perzentil nach korrekt beantworteten Fragen
Ihre Resultats-Entwicklung
Sie haben dieses Quiz noch nicht gespielt